Teoría de la postmodernidad

Uloženo v:
Podrobná bibliografie
Hlavní autor: Jameson, Fredric (autor)
Médium: Kniha
Jazyk:španělština
Vydáno: Madrid Trotta 1998
Vydání:2a. ed
Edice:Colección Estructuras y Procesos. Serie Filosofía
Témata:
Tagy: Přidat tag
Žádné tagy, Buďte první, kdo vytvoří štítek k tomuto záznamu!

MARC

LEADER 00000nam a2200000 a 4500
001 UCN0691
003 CL-VaPUC
008 010330e19980000SP |||||||||||||||||spa|d
082 0 4 |a 306  |b JAM  |2 21 
100 |a Jameson, Fredric  |e autor  |9 611668 
245 1 0 |a Teoría de la postmodernidad 
250 |a 2a. ed 
300 |a 340 p 
942 |c BK 
945 |d 20010330 00:00:00  |a cmena 
260 |a Madrid  |b Trotta  |c 1998 
650 0 |a Posmodernidad  |9 325588 
650 0 |a Antropología cultural   |9 269905 
650 0 |a Filosofía social  |9 268191 
583 |a last modification  |c 20010330 00:00:00  |k Rodrigo Vera 
490 0 |a Colección Estructuras y Procesos. Serie Filosofía 
999 |c 294328  |d 294326 
952 |0 0  |1 2  |4 0  |6 306_000000000000000_JAM_1998  |7 0  |8 A  |9 346604  |a BIBTEO  |b BIBTEO  |d 2019-11-20  |i 3579948  |o 306 JAM 1998  |p 3579948  |r 2019-11-20  |w 2019-11-20  |y BK  |k ICR